| 000 | 00575nam a22001697a 4500 | ||
|---|---|---|---|
| 003 | ost | ||
| 005 | 20140310182521.0 | ||
| 008 | 130810t xxu||||| |||| 00| 0 eng d | ||
| 020 | _a9789715846608 | ||
| 050 |
_aGV 885.35 _b.J94 2008 |
||
| 100 |
_aJuliano, Melanie S. _99435 |
||
| 245 |
_aThe DLSU FWTeams basic basketball instructional manual : _cMelanie S. Juliano. _bthe physical education instructional manual series / |
||
| 260 |
_aQuezon City, Philippines: _bC & E Publishing Co., _cc2008. |
||
| 300 |
_a172 p. : _bill. ; _c22 cm. |
||
| 942 |
_2lcc _cSSLC |
||
| 999 |
_c14019 _d14019 |
||